000 00894nam0a22002531 4500
001 rc\383727
005 20250621055324.0
010 _a5-12-000644-2
_91160
035 _a(NLR Aleph) 005606348
090 _a6366417
_c6366417
100 _a20030307d1989 |||y0rusy50 ca
101 0 _arus
102 _aRU
105 _ay |||||||||
200 1 _aИнтернациональное сближение рабочего класса стран социалистического содружества
_fАН УССР, Ин-т истории
210 _aКиев
_cНаукова думка
_d1989
215 _a348, [3] с.
_d22
320 _aБиблиогр. в примеч.: с. 322-349
700 1 _aВиднянский
_bС.В.
_f1951-
_gСтепан Васильевич
801 0 _aRU
_bNLR
_gpsbo
801 1 _aRU
_bELAR
_2rusmarc
852 _aNLR
_j89-3/9355
942 _cBOOK
980 _aNB